Central Library OPAC University of Rajshahi

Stratigraphy and life history / (Record no. 59988)

MARC details
000 -LEADER
fixed length control field 00849nam a2200241 a 4500
001 - CONTROL NUMBER
control field 59988
003 - CONTROL NUMBER IDENTIFIER
rucl marc code BD-RjUL
005 - DATE AND TIME OF LATEST TRANSACTION
control field 20211209080807.0
008 - FIXED-LENGTH DATA ELEMENTS--GENERAL INFORMATION
fixed length control field 161228s1965 nyuab b 001 0 eng
035 ## - SYSTEM CONTROL NUMBER
System control number (BD-RjUL) 60112
040 ## - CATALOGING SOURCE
Original cataloging agency DLC
Transcribing agency DLC
Modifying agency ICU
-- BD-RjUL
Language of cataloging eng
041 ## - LANGUAGE CODE
Language code of text/sound track or separate title eng
082 00 - DEWEY DECIMAL CLASSIFICATION NUMBER
Edition number 23
Author mark and year KAS 1965
Classification number 557
100 1# - MAIN ENTRY--PERSONAL NAME
Personal name Kay, Marshall,
Dates associated with a name 1904-1975.
9 (RLIN) 178459
245 10 - TITLE STATEMENT
Title Stratigraphy and life history /
Statement of responsibility, etc. Marshall Kay and Edwin H. Colbert. With a chapter on "The origin of the earth" by Dean B. McLaughlin.
260 ## - PUBLICATION, DISTRIBUTION, ETC. (IMPRINT)
Place of publication, distribution, etc. New York :
Name of publisher, distributor, etc. Wiley,
Date of publication, distribution, etc. c1965
300 ## - PHYSICAL DESCRIPTION
Pagination 736 p. :
Illustrations ill. ;
Size 25 cm.
504 ## - BIBLIOGRAPHY, ETC. NOTE
Bibliography, etc Bibliographical references included in "Preface." and index.
650 #0 - SUBJECT ADDED ENTRY--TOPICAL TERM
Topical term or geographic name as entry element Earth Sciences
Geographic subdivision North America.
9 (RLIN) 178460
Topical term or geographic name as entry element Geology, Stratigraphic.
9 (RLIN) 178331
700 1# - ADDED ENTRY--PERSONAL NAME
Personal name Colbert, Edwin Harris,
Dates associated with a name 1905-
942 ## - ADDED ENTRY ELEMENTS (KOHA)
Source of classification or shelving scheme Dewey Decimal Classification
Koha item type Books
Holdings
Lost status Source of classification or shelving scheme Damaged status Not for loan Collection code Permanent Location Current Location Shelving location Date acquired Source of acquisition Cost, normal purchase price Total Checkouts Full call number Date last seen Copy number Koha item type
  Dewey Decimal Classification   Not For Loan Non-fiction Central Library, University of Rajshahi Central Library, University of Rajshahi Reading Room 31/05/1979 Heffer 15.40   557 KAS 1965 28/12/2016 C-1 Books
  Dewey Decimal Classification     Non-fiction Central Library, University of Rajshahi Central Library, University of Rajshahi   31/05/1979 Heffers 15.40   557 KAS 1965 24/12/2018 C-2 Books
  Dewey Decimal Classification     Non-fiction Central Library, University of Rajshahi Central Library, University of Rajshahi   12/06/1967 Mirza book agency 59.00   557 KAS 1965 20/01/2019 C-3 Books